[Event "4th Alexander the Great Open"]
[Site "Neos Marmaras GRE"]
[Date "2012.04.18"]
[Round "4"]
[Board "4"]
[White "Mastrovasilis, Athanasios"]
[Black "Ladopoulos, Dimitrios"]
[Result "1-0"]
[WhiteTitle "GM"]
[WhiteElo "2510"]
[BlackElo "1968"]
[WhiteFideId "4201990"]
[BlackFideId "4239580"]
[EventDate "2012.04.16"]

1. c4 b6 2. d4 e6 3. a3 Bb7 4. Nc3 f5 5. d5 e5 6. e4 Nf6 7. exf5 Bc5 8. g4 O-O
9. Bg2 Qe8 10. Ne4 Nxe4 11. Bxe4 a5 12. Ne2 Ba6 13. Qc2 d6 14. h4 Nd7 15. g5 Qh5
16. f3 Qe8 17. Ng3 Kh8 18. h5 h6 19. Rh4 Qd8 20. Rg4 hxg5 21. Rxg5 Rf6 22. Qh2
Rh6 23. Rg6 Qf8 24. Bxh6 gxh6 25. Qd2 Kh7 26. f6 1-0

[Event "4th Alexander the Great Open"]
[Site "Neos Marmaras GRE"]
[Date "2012.04.18"]
[Round "4"]
[Board "5"]
[White "Djukic, Sandra"]
[Black "Drenchev, Petar"]
[Result "1/2-1/2"]
[WhiteTitle "WIM"]
[BlackTitle "GM"]
[WhiteElo "2203"]
[BlackElo "2499"]
[WhiteFideId "931390"]
[BlackFideId "2903261"]
[EventDate "2012.04.16"]

1. d4 Nf6 2. c4 e6 3. Nc3 Bb4 4. g3 c5 5. Nf3 cxd4 6. Nxd4 a6 7. Bg2 Qc7 8. O-O
Bxc3 9. bxc3 d6 10. Ba3 O-O 11. Rb1 Rd8 12. Qb3 Nbd7 13. Nc2 Rb8 14. Rfd1 Ne5
15. Ne3 b5 16. cxb5 axb5 17. c4 Ba6 18. cxb5 Rxb5 19. Bb4 d5 20. Rdc1 Qb7 21. a3
Nc6 22. Nc2 Rb6 23. e3 e5 24. Qa2 Bc4 25. Qa1 Rb8 26. Rb2 Bd3 27. Ne1 Bc4 28.
Rbc2 Qd7 29. Bc3 Qf5 30. Rb2 Ne4 31. Bxe4 Qxe4 32. Rxb6 Rxb6 33. a4 h5 34. a5
Rb8 35. Qa4 Na7 36. Qc2 Qxc2 37. Nxc2 f6 38. Nb4 Kf7 39. e4 Ke6 40. Nxd5 Bxd5
41. exd5+ Kxd5 42. Bd2 Nc6 43. Be3 Rb5 44. a6 Ra5 45. a7 Nd4 46. Bxd4 exd4 47.
Rc7 d3 48. Rd7+ Ke6 49. Rxd3 Rxa7 1/2-1/2

[Event "4th Alexander the Great Open"]
[Site "Neos Marmaras GRE"]
[Date "2012.04.18"]
[Round "4"]
[Board "7"]
[White "Spirliadis, Achileas"]
[Black "Kanmazalp, Ogulcan"]
[Result "1/2-1/2"]
[BlackTitle "IM"]
[WhiteElo "2053"]
[BlackElo "2389"]
[WhiteFideId "4215770"]
[BlackFideId "6304990"]
[EventDate "2012.04.16"]

1. e4 c5 2. Nf3 d6 3. d4 cxd4 4. Nxd4 Nf6 5. f3 e5 6. Bb5+ Nbd7 7. Nf5 d5 8.
exd5 a6 9. Bxd7+ Qxd7 10. Ne3 Bc5 11. Nc3 O-O 12. O-O Nh5 13. Kh1 b5 14. Ng4 f5
15. Nxe5 Qd6 16. Qe1 f4 17. Ne4 Qxe5 18. Nxc5 Qxd5 19. b4 Bf5 20. Bb2 Qc4 21.
Qc3 1/2-1/2

[Event "4th Alexander the Great Open"]
[Site "Neos Marmaras GRE"]
[Date "2012.04.18"]
[Round "4"]
[Board "8"]
[White "Ali Marandi, Cemil Can"]
[Black "Xaxiris, E."]
[Result "1-0"]
[WhiteTitle "FM"]
[WhiteElo "2315"]
[BlackElo "2062"]
[WhiteFideId "6300529"]
[BlackFideId "4206720"]
[EventDate "2012.04.16"]

1. e4 c6 2. d4 d5 3. Nc3 dxe4 4. Nxe4 Bf5 5. Ng3 Bg6 6. h4 h6 7. f4 e6 8. Nf3
Nf6 9. h5 Bh7 10. Bd3 Bxd3 11. Qxd3 c5 12. Be3 Nc6 13. O-O-O Qa5 14. Qb3 Qb4 15.
dxc5 Nd5 16. Bf2 Bxc5 17. Bxc5 Qxc5 18. Ne4 Qe3+ 19. Qxe3 Nxe3 20. Rd2 Ke7 21.
Nc5 Rad8 22. Re2 Nf5 23. Ree1 b6 24. Nd3 Rd5 25. g4 Nfd4 26. Nfe5 Nxe5 27. Nxe5
Rc8 28. c3 Nc6 29. Nf3 Kf6 30. Rhg1 b5 31. Kb1 a5 32. Nh4 b4 33. c4 Rd4 34. g5+
Ke7 35. Nf5+ Kf8 36. Nxd4 Nxd4 37. Rg2 Rc5 38. b3 hxg5 39. Rxg5 Rxg5 40. fxg5
Nf3 41. c5 Nxg5 42. c6 Ke7 43. Rd1 Ne4 44. c7 1-0

[Event "4th Alexander the Great Open"]
[Site "Neos Marmaras GRE"]
[Date "2012.04.18"]
[Round "4"]
[Board "9"]
[White "Papasimakopoulos, Alexandros"]
[Black "Tassopoulos, Marios"]
[Result "1/2-1/2"]
[BlackTitle "FM"]
[WhiteElo "2019"]
[BlackElo "2222"]
[WhiteFideId "4244125"]
[BlackFideId "4206282"]
[EventDate "2012.04.16"]

1. d4 d5 2. c4 e6 3. cxd5 exd5 4. Nc3 c6 5. Bf4 Bd6 6. Bxd6 Qxd6 7. Qc2 g6 8. e3
Bf5 9. Qd2 Nf6 10. f3 O-O 11. g4 Be6 12. Bd3 c5 13. Nge2 Nc6 14. Nb5 Qe7 15.
dxc5 Qxc5 16. Rc1 Qe7 17. Nbd4 Nd7 18. Bb1 Nde5 19. Kf2 Nc4 20. Qc3 Rac8 21. b3
Nd6 22. Nxc6 bxc6 23. Qc5 a5 24. h4 a4 25. h5 axb3 26. hxg6 fxg6 27. axb3 Bxg4
28. Nf4 Bf5 29. Bxf5 Nxf5 30. Qxe7 Nxe7 31. Nd3 Nf5 32. Ne5 Rf6 33. Rhd1 Ne7 34.
Rc5 Re6 35. f4 Rf8 36. Nf3 Kh8 37. b4 Ra8 38. Nd4 Ra2+ 39. Kf3 Rf6 40. Rdc1 Ra6
41. b5 cxb5 42. Rxb5 Rfb6 43. Rxb6 Rxb6 44. Rc7 Ng8 45. f5 gxf5 1/2-1/2

[Event "4th Alexander the Great Open"]
[Site "Neos Marmaras GRE"]
[Date "2012.04.18"]
[Round "4"]
[Board "10"]
[White "Avagianos, Simeon"]
[Black "Drljevic, Ljilja"]
[Result "0-1"]
[BlackTitle "WIM"]
[WhiteElo "2060"]
[BlackElo "2278"]
[WhiteFideId "4208455"]
[BlackFideId "928879"]
[EventDate "2012.04.16"]

1. d4 d6 2. c4 e5 3. dxe5 dxe5 4. Qxd8+ Kxd8 5. e4 Nf6 6. f3 Bc5 7. Nc3 Nbd7 8.
Nh3 h6 9. Nf2 c6 10. Nfd1 Ne8 11. Be3 Bd4 12. Bxd4 exd4 13. Ne2 c5 14. Nf4 Nd6
15. b3 Re8 16. Kd2 b6 17. Bd3 Bb7 18. Nd5 Ne5 19. Nf2 f5 20. exf5 Nxd3 21. Kxd3
Bxd5 22. cxd5 Re3+ 23. Kd2 Nxf5 24. Rhe1 Rxe1 25. Rxe1 Ne3 26. d6 Kd7 27. Ne4
Nf5 28. Kd3 Re8 29. Rc1 a5 30. Nxc5+ bxc5 31. Rxc5 Re3+ 32. Kd2 Nxd6 33. Rd5 Ke6
34. Rxd4 Re5 35. Rg4 Nf5 36. a4 g5 37. b4 axb4 38. Rxb4 Rc5 39. g4 Nh4 40. Ke3
Ke5 41. Rb5 Rxb5 42. axb5 Kd5 43. b6 Kc6 44. Ke4 Kxb6 45. f4 Kc6 46. fxg5 hxg5
47. Ke5 Kd7 48. Kf6 Nf3 49. Kf5 Ke7 50. h4 gxh4 51. g5 h3 0-1

[Event "4th Alexander the Great Open"]
[Site "Neos Marmaras GRE"]
[Date "2012.04.18"]
[Round "4"]
[Board "11"]
[White "Tsarouhas, Vasilios"]
[Black "Ryabov, Igor"]
[Result "1-0"]
[WhiteElo "2139"]
[BlackElo "2009"]
[WhiteFideId "4203437"]
[BlackFideId "24196088"]
[EventDate "2012.04.16"]

1. e4 e5 2. Nf3 Nc6 3. Bb5 Nf6 4. d3 Bc5 5. O-O Nd4 6. Nxd4 Bxd4 7. c3 Bb6 8.
Nd2 c6 9. Ba4 d6 10. h3 Qe7 11. Nc4 Bc7 12. Ne3 g6 13. Qf3 Bd7 14. Ng4 Nxg4 15.
hxg4 h5 16. g5 O-O-O 17. Qf6 Qxf6 18. gxf6 Rde8 19. f4 Bg4 20. Bb3 Be6 21. Be3
Bb6 22. Bxb6 axb6 23. fxe5 dxe5 24. Kf2 Kd7 25. Bc2 Bg4 26. Ke3 g5 27. d4 b5 28.
a4 bxa4 29. Rxa4 Ra8 30. dxe5 Rxa4 31. Bxa4 Ke6 32. Bd1 Bxd1 33. Rxd1 Kxe5 34.
Rd7 Kxf6 35. Rxb7 Rc8 36. b4 Ke6 37. c4 f6 38. Kd4 h4 39. Rh7 Rd8+ 40. Kc5 Rd7
41. Rh8 Rb7 42. Rc8 Kd7 43. Ra8 Ke6 44. Ra2 Ke7 45. Rb2 Kd7 46. Rd2+ Ke7 47. Rd1
Rb8 48. Rb1 Kd7 49. Ra1 Rb7 50. Ra6 Kc8 51. Rxc6+ Rc7 52. Rxc7+ Kxc7 53. Kd4 g4
54. Ke3 1-0

[Event "4th Alexander the Great Open"]
[Site "Neos Marmaras GRE"]
[Date "2012.04.18"]
[Round "4"]
[Board "12"]
[White "Marantidis, Panagiotis"]
[Black "Franco, William"]
[Result "0-1"]
[WhiteElo "1924"]
[BlackElo "2097"]
[WhiteFideId "4210441"]
[BlackFideId "4400909"]
[EventDate "2012.04.16"]

1. e4 e5 2. f4 exf4 3. Bc4 Qh4+ 4. Kf1 Nf6 5. Nf3 Qh5 6. Qe1 d5 7. exd5+ Kd8 8.
Qe5 Bf5 9. Qxf4 Bxc2 10. Qg5 Qg6 11. Qxg6 Bxg6 12. Nc3 Nbd7 13. d4 Nb6 14. Bb3
Bd6 15. Bg5 Re8 16. Bxf6+ gxf6 17. Kf2 a6 18. Rae1 Kd7 19. Rxe8 Rxe8 20. Re1
Rxe1 21. Nxe1 h5 22. h4 Bf4 23. Ne2 Bh6 24. Nc3 Bc1 25. Nd1 Kd6 26. Bc2 Nxd5 27.
g3 Nb4 28. Bxg6 fxg6 29. a3 Nc6 30. Nc2 Kd5 31. Nc3+ Kc4 32. d5 Ne7 33. d6 cxd6
34. Ne4 Kd3 35. Nxd6 Kxc2 36. Nxb7 Bxb2 37. a4 Bd4+ 38. Kf3 Kb3 39. a5 Kc4 40.
g4 Kd5 41. gxh5 gxh5 42. Nd8 Nf5 43. Kg2 Nxh4+ 44. Kh3 Ng6 45. Nf7 Be3 46. Nd8
Kd6 47. Kg2 Kd7 0-1

[Event "4th Alexander the Great Open"]
[Site "Neos Marmaras GRE"]
[Date "2012.04.18"]
[Round "4"]
[Board "13"]
[White "Sanders, Isaac B"]
[Black "Ioannidis, Evgenios"]
[Result "1-0"]
[BlackTitle "FM"]
[WhiteElo "2097"]
[BlackElo "1908"]
[WhiteFideId "417661"]
[BlackFideId "4229274"]
[EventDate "2012.04.16"]

1. d4 Nf6 2. c4 e6 3. Nc3 Bb4 4. e3 c5 5. Bd3 Nc6 6. Nf3 Bxc3+ 7. bxc3 d6 8. O-O
O-O 9. Rb1 e5 10. Nd2 exd4 11. cxd4 cxd4 12. exd4 d5 13. Nb3 Re8 14. Bg5 Nb4 15.
cxd5 Nbxd5 16. Nc5 b6 17. Ne4 h6 18. Bh4 g5 19. Nxf6+ Qxf6 20. Bg3 Nc3 21. Qh5
Nxb1 22. Be5 Rxe5 23. dxe5 Qxe5 24. Qxh6 Qg7 25. Qc6 Rb8 26. Qc7 Ra8 27. Be4 Ba6
28. Bxa8 Bxf1 29. Qd8+ Kh7 30. Be4+ Kh6 31. Qd6+ f6 32. Bxb1 Bb5 33. Bf5 Be8 34.
Qa3 Qf7 35. h4 gxh4 36. Qb4 Kg7 37. Qg4+ Kf8 38. Qxh4 Bc6 39. Qh8+ Ke7 40. Qb8
Qxa2 41. Qc7+ Kf8 42. Qxc6 Qa1+ 43. Kh2 Qe5+ 44. g3 Qxf5 45. Qa8+ Kg7 46. Qxa7+
Kg6 47. Qxb6 Qh5+ 48. Kg2 Qd5+ 49. f3 Qd2+ 50. Qf2 Qd3 51. Qa2 Kg7 52. Qf2 Kg6
53. Qb2 Kh6 54. Qxf6+ 1-0

[Event "4th Alexander the Great Open"]
[Site "Neos Marmaras GRE"]
[Date "2012.04.18"]
[Round "4"]
[Board "14"]
[White "Rautanen, Sari"]
[Black "Haria, Ravi"]
[Result "0-1"]
[WhiteElo "2005"]
[BlackElo "2060"]
[WhiteFideId "502332"]
[BlackFideId "415820"]
[EventDate "2012.04.16"]

1. Nf3 Nf6 2. c4 c5 3. Nc3 d5 4. cxd5 Nxd5 5. d4 cxd4 6. Qxd4 e6 7. e4 Nxc3 8.
Qxc3 Nc6 9. a3 Bd7 10. Be3 Rc8 11. Qd3 Be7 12. Be2 O-O 13. O-O e5 14. Rfd1 Be6
15. Qb5 Qc7 16. Rac1 a6 17. Qa4 Rfd8 18. h3 Rxd1+ 19. Qxd1 Qa5 20. Bc4 Rd8 21.
Qb3 Bxc4 22. Qxc4 Qc7 23. Qb3 Qd7 24. Bb6 Qd3 25. Qa4 Rd7 26. Be3 h6 27. Kh2 Qb5
28. Qc2 Nd4 29. Qb1 Nxf3+ 30. gxf3 Qe2 31. Kg3 Rd6 32. Rg1 Rf6 33. Kh2 Rxf3 34.
Rg2 Rxh3+ 35. Kg1 Qh5 36. Kf1 Rh1+ 37. Rg1 Qh2 38. f3 Qh3+ 39. Ke2 Rh2+ 40. Bf2
Bc5 41. Rf1 Qg3 0-1

[Event "4th Alexander the Great Open"]
[Site "Neos Marmaras GRE"]
[Date "2012.04.18"]
[Round "4"]
[Board "15"]
[White "Lappas, Konstantinos"]
[Black "Grapsa, Georgia"]
[Result "0-1"]
[WhiteElo "2032"]
[BlackElo "2018"]
[WhiteFideId "4275748"]
[BlackFideId "4206436"]
[EventDate "2012.04.16"]

1. e4 c5 2. Nf3 d6 3. d4 Nf6 4. Nc3 cxd4 5. Nxd4 a6 6. f3 e5 7. Nb3 Be6 8. Be3
Nbd7 9. g4 Nb6 10. g5 Nfd7 11. Qd2 Qc7 12. O-O-O Rc8 13. Kb1 Be7 14. h4 Nc4 15.
Bxc4 Qxc4 16. h5 f5 17. gxf6 Nxf6 18. Bg5 O-O 19. Rhg1 Qc7 20. h6 g6 21. f4 b5
22. f5 b4 23. Nd5 Bxd5 24. exd5 Ne4 25. Qd3 Nxg5 26. fxg6 e4 27. gxh7+ Kh8 28.
Qe2 Qc4 29. Qg2 Kxh7 30. Rd4 Qc7 31. Rxe4 Bf6 32. Rxb4 Rg8 33. a3 Nf3 34. Qe2
Rxg1+ 35. Ka2 Qxc2 36. Rb7+ Kh8 37. Nd2 Nxd2 0-1

[Event "4th Alexander the Great Open"]
[Site "Neos Marmaras GRE"]
[Date "2012.04.19"]
[Round "5"]
[Board "1"]
[White "Haznedaroglu, Kivanc"]
[Black "Galopoulos, Nikolaos"]
[Result "1-0"]
[WhiteTitle "GM"]
[WhiteElo "2419"]
[BlackElo "2430"]
[WhiteFideId "6300634"]
[BlackFideId "4208951"]
[EventDate "2012.04.16"]

1. e4 c5 2. Nf3 d6 3. d4 Nf6 4. Nc3 cxd4 5. Nxd4 a6 6. Bg5 e6 7. f4 h6 8. Bh4
Qb6 9. a3 Be7 10. Bf2 Qc7 11. g3 Nbd7 12. Bg2 g5 13. Qe2 Rg8 14. Bf3 Rb8 15.
O-O-O Nf8 16. e5 dxe5 17. Ndb5 axb5 18. Nxb5 Qa5 19. Qxe5 1-0

[Event "4th Alexander the Great Open"]
[Site "Neos Marmaras GRE"]
[Date "2012.04.19"]
[Round "5"]
[Board "2"]
[White "Antic, Dejan"]
[Black "Mastrovasilis, Athanasios"]
[Result "1/2-1/2"]
[WhiteTitle "GM"]
[BlackTitle "GM"]
[WhiteElo "2513"]
[BlackElo "2510"]
[WhiteFideId "901008"]
[BlackFideId "4201990"]
[EventDate "2012.04.16"]

1. d4 d5 2. c4 dxc4 3. Nf3 a6 4. e3 b5 5. a4 Bb7 6. b3 e6 7. bxc4 bxc4 8. Bxc4
Nf6 9. O-O Nbd7 10. Nbd2 Be7 11. Rb1 Ra7 12. Bd3 c5 13. Nc4 cxd4 1/2-1/2

[Event "4th Alexander the Great Open"]
[Site "Neos Marmaras GRE"]
[Date "2012.04.19"]
[Round "5"]
[Board "3"]
[White "Pein, Malcolm"]
[Black "Skytte, Rasmus"]
[Result "0-1"]
[WhiteTitle "IM"]
[BlackTitle "IM"]
[WhiteElo "2382"]
[BlackElo "2376"]
[WhiteFideId "400289"]
[BlackFideId "1404210"]
[EventDate "2012.04.16"]

1. e4 c5 2. d3 e6 3. f4 d5 4. Nf3 Nc6 5. Be2 Bd6 6. O-O Nge7 7. c3 f6 8. Qe1 Qc7
9. Nh4 Bd7 10. Na3 a6 11. Nc2 O-O-O 12. b4 cxb4 13. cxb4 g5 14. Nf3 gxf4 15. Bb2
e5 16. Kh1 Qb6 17. exd5 Nxb4 18. Nxb4 Bxb4 19. Bc3 Nxd5 20. Bxb4 Qxb4 21. Qh4
Kb8 22. Rab1 Qa5 23. Rb2 Bc6 24. Rfb1 Rd7 25. Nd2 Nc3 26. Qxf6 Bxg2+ 27. Kxg2
Rg8+ 28. Kf1 Nxb1 29. Nc4 Qc5 30. Qxe5+ Qxe5 31. Nxe5 Rdg7 32. Bf3 Nc3 33. d4
Rg1+ 34. Kf2 Nd1+ 35. Bxd1 Rxd1 36. Kf3 Ka7 37. Ke4 Re1+ 38. Kf5 Rf8+ 39. Kg4
Rf1 40. Rb3 Rf2 41. Rh3 Rg2+ 42. Kf3 Rxa2 43. Rxh7 Ra3+ 44. Kf2 Rc8 0-1

[Event "4th Alexander the Great Open"]
[Site "Neos Marmaras GRE"]
[Date "2012.04.19"]
[Round "5"]
[Board "4"]
[White "Drenchev, Petar"]
[Black "Miskulin, Dennis"]
[Result "1-0"]
[WhiteTitle "GM"]
[WhiteElo "2499"]
[BlackElo "2188"]
[WhiteFideId "2903261"]
[BlackFideId "1705520"]
[EventDate "2012.04.16"]

1. d4 d5 2. c4 c6 3. Nf3 Nf6 4. Nc3 e6 5. e3 Bd6 6. Bd3 dxc4 7. Bxc4 b5 8. Bd3
Nbd7 9. O-O O-O 10. Qc2 Bb7 11. Ng5 Bxh2+ 12. Kxh2 Ng4+ 13. Kg1 Qxg5 14. f3 Ngf6
15. e4 Qh4 16. Be3 e5 17. Ne2 Rfe8 18. a4 a6 19. Rf2 Nh5 20. g4 Ng3 21. Kg2 Nxe2
22. Bxe2 exd4 23. Bxd4 Qe7 24. axb5 axb5 25. Rxa8 Bxa8 26. Be3 Nf8 27. Rf1 Bb7
28. Ra1 Ra8 29. Rxa8 Bxa8 30. Qc3 Qd8 31. b4 h6 32. Kg3 Ne6 33. f4 Qd6 34. e5
Qd7 35. Bf3 Nc7 36. Bc5 Ne6 37. Qa1 Bb7 38. Bd6 Qc8 39. Qa7 Qa8 40. Qb6 Qc8 41.
f5 Nf8 42. Kf4 Qd7 43. Qc5 Qc8 44. Qa7 Qa8 45. Qxa8 Bxa8 46. Bd1 Bb7 47. Bb3 Bc8
48. e6 fxe6 49. Ke5 Kf7 50. Bxf8 Kxf8 51. Bxe6 Bxe6 52. Kxe6 g6 53. fxg6 Kg7 54.
Kf5 c5 55. bxc5 b4 56. Ke4 1-0

[Event "4th Alexander the Great Open"]
[Site "Neos Marmaras GRE"]
[Date "2012.04.19"]
[Round "5"]
[Board "5"]
[White "Spirliadis, Achileas"]
[Black "Ali Marandi, Cemil Can"]
[Result "1-0"]
[BlackTitle "FM"]
[WhiteElo "2053"]
[BlackElo "2315"]
[WhiteFideId "4215770"]
[BlackFideId "6300529"]
[EventDate "2012.04.16"]

1. e4 c5 2. Nf3 e6 3. d4 cxd4 4. Nxd4 a6 5. Bd3 Nf6 6. O-O d6 7. c4 g6 8. Nc3
Bg7 9. Be3 O-O 10. Rc1 Nbd7 11. b4 b6 12. Nc6 Qc7 13. Ne7+ Kh8 14. Nxc8 Raxc8
15. f4 Rfd8 16. Qe2 Nb8 17. Na4 Nbd7 18. Rfd1 Qb7 19. Nc3 Ne8 20. a4 a5 21. c5
axb4 22. Ba6 Qb8 23. Bxc8 Rxc8 24. c6 Rxc6 25. Nb5 Rxc1 26. Rxc1 Nc5 27. Bd4 e5
28. fxe5 Nb3 29. Rf1 Nxd4 30. Nxd4 dxe5 31. Nb5 f6 32. Qc4 Bf8 33. Rd1 Ng7 34.
Qf7 Bc5+ 35. Kh1 Qf8 36. Qxf8+ Bxf8 37. Rd8 Kg8 38. Rb8 f5 39. Nd6 Ne6 40. Rxb6
Nc5 41. a5 b3 42. Nc4 Nxe4 43. a6 Bc5 44. a7 1-0

[Event "4th Alexander the Great Open"]
[Site "Neos Marmaras GRE"]
[Date "2012.04.19"]
[Round "5"]
[Board "6"]
[White "Stojanovic, Andjelija"]
[Black "Djukic, Sandra"]
[Result "1/2-1/2"]
[WhiteTitle "WGM"]
[BlackTitle "WIM"]
[WhiteElo "2324"]
[BlackElo "2203"]
[WhiteFideId "928682"]
[BlackFideId "931390"]
[EventDate "2012.04.16"]

1. Nf3 Nf6 2. c4 g6 3. Nc3 Bg7 4. d4 O-O 5. e4 d6 6. Be2 e5 7. dxe5 dxe5 8. Qxd8
Rxd8 9. Bg5 Re8 10. Nd5 Nxd5 11. cxd5 c6 12. Bc4 cxd5 13. Bxd5 Nd7 14. O-O-O Nc5
15. Kb1 Be6 16. Bxe6 Nxe6 17. Be3 Bf8 18. Nd2 Bc5 19. Bxc5 Nxc5 20. f3 1/2-1/2

[Event "4th Alexander the Great Open"]
[Site "Neos Marmaras GRE"]
[Date "2012.04.19"]
[Round "5"]
[Board "7"]
[White "Kanmazalp, Ogulcan"]
[Black "Tsarouhas, Vasilios"]
[Result "1/2-1/2"]
[WhiteTitle "IM"]
[WhiteElo "2389"]
[BlackElo "2139"]
[WhiteFideId "6304990"]
[BlackFideId "4203437"]
[EventDate "2012.04.16"]

1. e4 c5 2. Nf3 d6 3. d4 cxd4 4. Nxd4 Nf6 5. Nc3 e6 6. g4 h6 7. h4 Nc6 8. Rg1 h5
9. gxh5 Nxh5 10. Bg5 Nf6 11. Qd2 Qb6 12. Nb3 a6 13. O-O-O Bd7 14. Rg3 Qc7 15. f4
Be7 16. Re3 O-O-O 17. Kb1 Ng8 18. Bxe7 Ncxe7 19. Rd3 Bc6 20. Qe1 d5 21. exd5
Nxd5 22. Nxd5 Rxd5 23. Nd4 Ne7 24. Nxc6 Nxc6 25. Rxd5 exd5 26. Qg3 g6 27. a3 Qe7
28. Bxa6 Qxh4 29. Qc3 Kc7 30. Bb5 Re8 31. Bxc6 bxc6 32. Qa5+ Kb7 33. Qb4+ Kc7
34. c4 Qh5 35. Qa5+ Kb7 36. Qb4+ Kc7 37. Rc1 Qf5+ 38. Ka2 Qxf4 39. Qa5+ Kb7 40.
Qb4+ Kc7 41. Qa5+ Kb7 42. Qb4+ 1/2-1/2

[Event "4th Alexander the Great Open"]
[Site "Neos Marmaras GRE"]
[Date "2012.04.19"]
[Round "5"]
[Board "8"]
[White "Drljevic, Ljilja"]
[Black "Papasimakopoulos, Alexandros"]
[Result "1-0"]
[WhiteTitle "WIM"]
[WhiteElo "2278"]
[BlackElo "2019"]
[WhiteFideId "928879"]
[BlackFideId "4244125"]
[EventDate "2012.04.16"]

1. e4 e6 2. d3 c5 3. g3 Nc6 4. Bg2 g6 5. Nf3 Bg7 6. O-O Nge7 7. c3 e5 8. Be3 d6
9. Qd2 O-O 10. Na3 f5 11. Bh6 Be6 12. Bxg7 Kxg7 13. Ng5 Bg8 14. exf5 Nxf5 15.
Nc2 Qe7 16. a3 h6 17. Nh3 Rae8 18. b4 c4 19. Rfe1 Rd8 20. d4 Qf6 21. d5 Nce7 22.
Rad1 g5 23. Qe2 b5 24. f4 gxf4 25. gxf4 Ng6 26. fxe5 Nxe5 27. Rf1 Ng6 28. Nf4
Nxf4 29. Rxf4 Qxc3 30. Rdf1 Bh7 31. Nd4 Rde8 32. Qg4+ Kh8 33. Nxf5 Bxf5 34. Rxf5
Rg8 35. Qf3 Re3 36. Qf2 Qd3 37. Rf8 Re5 1-0

[Event "4th Alexander the Great Open"]
[Site "Neos Marmaras GRE"]
[Date "2012.04.19"]
[Round "5"]
[Board "9"]
[White "Franco, William"]
[Black "Gogolis, Alexandros"]
[Result "0-1"]
[BlackTitle "FM"]
[WhiteElo "2097"]
[BlackElo "2245"]
[WhiteFideId "4400909"]
[BlackFideId "4202066"]
[EventDate "2012.04.16"]

1. e4 d5 2. exd5 Qxd5 3. Nc3 Qa5 4. Bc4 Nf6 5. d3 Bg4 6. f3 Bd7 7. Bd2 Qc5 8.
Qe2 Nc6 9. Be3 Nd4 10. Kd2 Nxe2 11. Bxc5 Nxc3 12. bxc3 e6 13. Bxf8 Rxf8 14. Ne2
O-O-O 15. Rhe1 Bc6 16. Nd4 Rd6 17. Re5 Rfd8 18. Rae1 Nd7 19. Rh5 h6 20. Nxc6
Rxc6 21. Bb5 Nf6 22. Rhe5 Rcd6 23. d4 c6 24. Bd3 Nd7 25. Ra5 Kb8 26. Re4 b6 27.
Ra3 c5 28. Ke1 Nf6 29. dxc5 Nxe4 30. cxd6 Nc5 31. Be2 Rxd6 32. c4 Rd4 33. Re3
Kc7 34. g3 Kd8 35. f4 Ke7 36. f5 Re4 37. Rxe4 Nxe4 38. fxe6 Kxe6 39. Bf3 Nd6 40.
Bd5+ Ke5 41. Kd2 Kd4 42. c3+ Ke5 43. Kd3 f5 44. h3 b5 45. Bg8 bxc4+ 46. Bxc4 Ne4
47. Bb5 Nxg3 48. Bc6 g5 49. Bg2 Nh5 50. Ke3 Nf4 51. Bf1 Nd5+ 52. Kd2 Nb6 53. Ke3
h5 54. c4 Na4 55. Bd3 Nc5 56. Be2 g4 57. hxg4 hxg4 58. Kf2 Kf4 59. Bf1 Ne4+ 0-1

[Event "4th Alexander the Great Open"]
[Site "Neos Marmaras GRE"]
[Date "2012.04.19"]
[Round "5"]
[Board "11"]
[White "Xaxiris, E."]
[Black "Ladopoulos, Dimitrios"]
[Result "1/2-1/2"]
[WhiteElo "2062"]
[BlackElo "1968"]
[WhiteFideId "4206720"]
[BlackFideId "4239580"]
[EventDate "2012.04.16"]

1. d4 Nf6 2. c4 g6 3. Nc3 Bg7 4. e4 d6 5. f3 O-O 6. Bg5 h6 7. Be3 c5 8. d5 e6 9.
Qd2 exd5 10. cxd5 Nbd7 11. Nh3 Ne5 12. Nf2 h5 13. Be2 a6 14. a4 Nh7 15. O-O f5
16. f4 Ng4 17. Nxg4 hxg4 18. e5 dxe5 19. Bxc5 e4 20. a5 Bd7 21. Rfd1 Rf7 22. Bb6
Qf6 23. d6 Rc8 24. Bc7 Be6 25. Nd5 Qxb2 26. Qxb2 Bxb2 27. Rab1 Bf6 28. Rxb7 Bd8
29. Nb6 Rcxc7 30. dxc7 Bxc7 31. g3 Bxf4 32. Rxf7 Be3+ 33. Kf1 Kxf7 34. Bxa6 Ke7
35. Bc4 Bxb6 36. Bxe6 Bxa5 37. Rd7+ Kxe6 38. Rxh7 g5 39. Ke2 Bb4 40. Rb7 Bd6 41.
Rb5 Ba3 42. Ke3 Bc1+ 43. Kd4 e3 44. Rb6+ Kf7 45. Rb1 Bd2 46. Ke5 f4 47. gxf4 e2
48. Kf5 1/2-1/2

[Event "4th Alexander the Great Open"]
[Site "Neos Marmaras GRE"]
[Date "2012.04.19"]
[Round "5"]
[Board "12"]
[White "Grapsa, Georgia"]
[Black "Haria, Ravi"]
[Result "1/2-1/2"]
[WhiteElo "2018"]
[BlackElo "2060"]
[WhiteFideId "4206436"]
[BlackFideId "415820"]
[EventDate "2012.04.16"]

1. d4 Nf6 2. g3 c5 3. d5 b5 4. Bg2 Bb7 5. a4 a6 6. Nh3 d6 7. O-O g6 8. e4 Nbd7
9. Qe2 Bg7 10. axb5 axb5 11. Rxa8 Qxa8 12. Qxb5 Ba6 13. Qa5 O-O 14. Re1 Rb8 15.
Na3 Qb7 16. b3 Ne8 17. Nf4 Ra8 18. Qd2 Qb4 19. Nb1 Nc7 20. Qxb4 cxb4 21. Bd2 Rb8
22. Bf1 Ne5 23. Kg2 Bxf1+ 24. Rxf1 Na6 25. Ne2 Nc5 26. f3 Ned7 27. Be1 g5 28. h3
h5 29. g4 hxg4 30. hxg4 Be5 31. Ng3 Nf8 32. Nf5 Ng6 33. Bg3 Bxg3 34. Kxg3 Rb6
35. Nd2 Ra6 36. Nc4 Ra2 37. Rf2 Ra1 38. Nd4 Rg1+ 39. Rg2 Rh1 40. Nc6 Na6 41. Rd2
Kf8 42. Kg2 Rh4 43. Nb2 Nf4+ 44. Kf2 Rh2+ 45. Ke3 Ng2+ 46. Kd4 Ne1 47. Rxh2
Nxf3+ 48. Ke3 Nxh2 49. Nd3 Nxg4+ 50. Kf3 Nf6 51. Ndxb4 Nxb4 52. Nxb4 Ke8 53. Nd3
Kd7 54. c4 e6 55. e5 dxe5 56. Nxe5+ Ke7 57. d6+ Kxd6 58. Nxf7+ Kc5 59. Nxg5 Kb4
60. Ne4 Kxb3 61. c5 Nd7 1/2-1/2